Fifa 14 Top 20 Clubs - Statistics

General Stats
  • This quiz has been taken 1,649 times
    1,069 since last reset
  • The average score is 16 of 20
Answer Stats
League/Average Player Rating Club % Correct
Liga BBVA/83 FC Barcelona
98%
Liga BBVA/82 Real Madrid
98%
Bundesliga/81 Bayern München
95%
Serie A/81 Juventus
95%
Barclays PL/79 Chelsea
94%
Barclays PL/78 Manchester United
94%
Barclays PL/78 Manchester City
93%
Ligue 1/81 Paris Saint-Germain
93%
Serie A/77 Milan
88%
Barclays PL/75 Arsenal
86%
Serie A/77 Inter
84%
Liga Portuguesa/75 FC Porto
79%
Liga BBVA/80 Atlético de Madrid
78%
Bundesliga/77 Borussia Dortmund
74%
Serie A/77 Napoli
71%
Liga Portuguesa/76 SL Benfica
68%
TurkLig/77 Galatasaray
62%
Serie A/77 Roma
62%
Serie A/75 Lazio
57%
Serie A/75 Florentino
2%
No matching quizzes found
Score Distribution
Percent of People with Each Score
Percentile by Number Answered
Your Score History
You have not taken this quiz since the last reset